Dynamic programming and stochastic control

Guardat en:
Dades bibliogràfiques
Autor principal: Bertsekas, Dimitri P (Autor)
Format: Llibre
Idioma:anglès
Publicat: Nueva York Academic Press 1976
Col·lecció:Mathematics in Science and Engineering, 125
Matèries:
Etiquetes: Afegir etiqueta
Sense etiquetes, Sigues el primer a etiquetar aquest registre!

MARC

LEADER 00000nam a2200000 a 4500
001 UCP0041
003 CL-VaPUC
008 990128e19760000US |||||||||||||||||eng|d
082 0 4 |a 519.703  |b BER  |2 21 
100 0 |a Bertsekas, Dimitri P  |e author  |9 424879 
245 1 0 |a Dynamic programming and stochastic control 
300 |a 397 p 
942 |c BK 
945 |d 19990128 00:00:00  |a crobeson 
260 |a Nueva York  |b Academic Press  |c 1976 
650 0 |a Programación dinámica   |9 324757 
650 0 |a Procesos estocásticos   |9 260364 
650 0 |a Algoritmo de programación  |9 424880 
650 7 |a TEORIA DE OPTIMIZACION  |2 CL-VaPUC  |9 424881 
650 0 |a Teoría de probabilidades   |9 336944 
583 |a last modification  |c 19990128 00:00:00  |k Rodrigo Vera 
490 0 |a Mathematics in Science and Engineering, 125 
999 |c 278927  |d 278925 
952 |0 0  |1 0  |4 0  |6 519_703000000000000_BER_1976  |7 0  |8 A  |9 317746  |a BIBMAT  |b BIBMAT  |d 2019-11-20  |i 132067K  |o 519.703 BER 1976  |p 132067K  |r 2025-01-07  |w 2019-11-20  |y BK  |k MAT